000 01192nam a22002897a 4500
005 20220409051541.0
008 220329b2007 ii f|||e |||| 00| 0 eng d
020 _a9788174365101 :
_cRs.395.00
040 _aNLI
_beng
_cEnglish Processing Division
041 0 _aeng
044 _aii
082 0 4 _223rd ed.
_a327.54
_bIn 2 bha
100 1 _6880-01
245 1 0 _6880-02
_aIndia : the next global superpower? /
_cedited by Namita Bhandare
260 _aNew Delhi :
_bThe Lotus Collection ; an imprint of Roli Books,
_c2007
300 _a252 p. [12] p. of col. plates ;
_c22 cm.
500 _a Discusses the issues and roadblocks to India becoming a world power. This work features speakers including Prime Minister Manmohan Singh, Indian National Congress, President Sonia Gandhi and the President of Afghanistan, Hamid Karzai among others.
650 0 _aWorld politics
_y1989-
_vCongresses
_91405966
650 0 _aInternational relations
_9678187
651 0 _aIndia
_xEconomic conditions
_y1991-
_vCongresses
_9855079
700 1 _6880-03
_aBhandare, Namita,
_eedt.
_91408041
852 _aBB
880 1 _6100-01
887 _aE. Haque
887 _apatil2204
942 _2ddc
_cBKS
999 _c1526257
_d1526257